header

Medical tourism in developing countries (Record no. 221256)

MARC details
000 -LEADER
fixed length control field 01322nam a2200337 a 4500
082 04 - DEWEY DECIMAL CLASSIFICATION NUMBER
Classification number 338.4/73621
100 1# - MAIN ENTRY--AUTHOR NAME
Personal name Bookman, Milica Zarkovic.
245 10 - TITLE STATEMENT
Title Medical tourism in developing countries
260 ## - PUBLICATION, DISTRIBUTION, ETC. (IMPRINT)
Place of publication New York :
Name of publisher Palgrave MacMillan,
Year of publication 2007.
300 ## - PHYSICAL DESCRIPTION
Number of Pages xi, 245 p.
650 #0 - SUBJECT ADDED ENTRY--TOPICAL TERM
Topical Term Medical tourism
700 1# - ADDED ENTRY--PERSONAL NAME
Personal name Bookman, Karla R.
856 40 - ELECTRONIC LOCATION AND ACCESS
Uniform Resource Identifier http://site.ebrary.com/lib/rucke/Doc?id=10194093

No items available.

© 2026 Rongo University
Contact us: librarian | system librarian | Rongo university